<?xml version="1.0" encoding="UTF-8"?><?xml-stylesheet type="text/xsl" href="static/style.xsl"?><OAI-PMH xmlns="http://www.openarchives.org/OAI/2.0/" xmlns:xsi="http://www.w3.org/2001/XMLSchema-instance" xsi:schemaLocation="http://www.openarchives.org/OAI/2.0/ http://www.openarchives.org/OAI/2.0/OAI-PMH.xsd"><responseDate>2026-04-17T20:33:43Z</responseDate><request verb="GetRecord" identifier="oai:www.recercat.cat:2445/161986" metadataPrefix="marc">https://recercat.cat/oai/request</request><GetRecord><record><header><identifier>oai:recercat.cat:2445/161986</identifier><datestamp>2025-12-04T19:36:52Z</datestamp><setSpec>com_2072_1057</setSpec><setSpec>col_2072_478813</setSpec><setSpec>col_2072_478917</setSpec></header><metadata><record xmlns="http://www.loc.gov/MARC21/slim" xmlns:dcterms="http://purl.org/dc/terms/" xmlns:xsi="http://www.w3.org/2001/XMLSchema-instance" xmlns:doc="http://www.lyncode.com/xoai" xsi:schemaLocation="http://www.loc.gov/MARC21/slim http://www.loc.gov/standards/marcxml/schema/MARC21slim.xsd">
   <leader>00925njm 22002777a 4500</leader>
   <datafield ind2=" " ind1=" " tag="042">
      <subfield code="a">dc</subfield>
   </datafield>
   <datafield ind2=" " ind1=" " tag="720">
      <subfield code="a">Fernández-Pumarega, Alejandro</subfield>
      <subfield code="e">author</subfield>
   </datafield>
   <datafield ind2=" " ind1=" " tag="720">
      <subfield code="a">Amézqueta, Susana</subfield>
      <subfield code="e">author</subfield>
   </datafield>
   <datafield ind2=" " ind1=" " tag="720">
      <subfield code="a">Fuguet i Jordà, Elisabet</subfield>
      <subfield code="e">author</subfield>
   </datafield>
   <datafield ind2=" " ind1=" " tag="720">
      <subfield code="a">Rosés Pascual, Martí</subfield>
      <subfield code="e">author</subfield>
   </datafield>
   <datafield ind2=" " ind1=" " tag="260">
      <subfield code="c">2020-05-22T09:02:53Z</subfield>
   </datafield>
   <datafield ind2=" " ind1=" " tag="260">
      <subfield code="c">2020-05-22T09:02:53Z</subfield>
   </datafield>
   <datafield ind2=" " ind1=" " tag="260">
      <subfield code="c">2018-03-25</subfield>
   </datafield>
   <datafield ind2=" " ind1=" " tag="260">
      <subfield code="c">2020-05-22T09:02:53Z</subfield>
   </datafield>
   <datafield ind2=" " ind1=" " tag="520">
      <subfield code="a">Previous studies have shown that a microemulsion electrokinetic chromatography (MEEKC) system can estimate the logarithm of the octanol-water partition coefficient (log Po/w) of neutral solutes. In the present work, the applicability of the method to partially and fully ionized acids has been evaluated. Naproxen, a monoprotic acid, has been used as test solute. The retention factor (k) of this compound has been measured in MEEKC at several values of pH and the retention factor-pH profile has been established. As log Po/w correlates with log kMEEKC for neutral compounds, this correlation has been used to estimate the logarithm of the octanol-water partition coefficient of the neutral (log Po/w(HA)), and the fully ionized (log P o/w(A-)) forms of naproxen. Then, the logarithm of the octanol-water distribution coefficient (log Do/w) of the partially ionized form of the acid has been estimated. The comparison of the estimated values with the ones obtained experimentally using the classical procedures, such as the shake-flask method, shows differences under 0.4 log Do/w units either if the acid is partially ionized or in its neutral form in the most part of the pH range. However, the method overestimates the log Do/w of the highly (>99.5 %) or fully ionized form of naproxen</subfield>
   </datafield>
   <datafield tag="653" ind2=" " ind1=" ">
      <subfield code="a">Electroforesi capil·lar</subfield>
   </datafield>
   <datafield tag="653" ind2=" " ind1=" ">
      <subfield code="a">Lipofília</subfield>
   </datafield>
   <datafield tag="653" ind2=" " ind1=" ">
      <subfield code="a">Capillary electrophoresis</subfield>
   </datafield>
   <datafield tag="653" ind2=" " ind1=" ">
      <subfield code="a">Lipophilicity</subfield>
   </datafield>
   <datafield ind2="0" ind1="0" tag="245">
      <subfield code="a">Feasibility of the estimation of octanol-water distribution coefficients of acidic drugs by microemulsion electrokinetic chromatography</subfield>
   </datafield>
</record></metadata></record></GetRecord></OAI-PMH>